000 01166naa a22002777a 4500
001 BR9001361
003 BR-BrBNA
005 20240918180627.0
007 ta
008 230509b bl.||||| |||| 00| 0 por d
040 _aBR-BrBNA
_bpor
_cBiblioteca Nacional de Agricultura
041 _a(Pt)
072 _aC30; F30
_b/G514
090 _aC30 BR9001361
100 1 _aMorales, E.A.V.
111 1 _a1. Encontro sobre Recursos Geneticos
_cJaboticabal, SP (Brazil)
_d12-14 Apr 1988
245 1 _aDocumentacao e informatica de recursos geneticos
260 3 _aJaboticabal, SP (Brasil):
_c1988.
500 _aAraujo, S.M.C. de; Osuna, J.A. (eds.) Anais do 1. Encontro sobre Recursos Geneticos Jaboticabal, SP (Brasil): 1988. p. 135-147 (BR9001361-AM)C30
650 _aBANCO DE GERMOPLASMA
650 _aSISTEMA DE INFORMACAO
650 _aDOCUMENTACAO
773 0 _tAnais do 1. Encontro sobre Recursos Geneticos
_aAraujo, S.M.C. de; Osuna, J.A. (eds.). Faculdade de Ciencias Agrarias e Veterinarias "Campus" de Jaboticabal, SP (Brasil)
_wC30 BR9001361
_gJaboticabal, SP (Brasil), 1988. p. 135-147
909 _a202404
_bLucia
_c55
_dLucia Elande
942 _cAM
_2AGRIS
999 _c321384
_d321384